000 00699nam a22002057a 4500
999 _c10046
_d10046
003 AR-CdUCM
008 190329b ||||| |||| 00| 0 spa d
040 _aMUNICIPALIDAD PROVINCIAL DEL CUSCO
_cBIBLIOTECA MUNICIPAL DEL CUSCO
082 _a396 /
_bK73 /1935
100 _aKolantay, Alejandra
_926673
245 _aLa mujer nueva y la moral sexual /
260 _aSantiago :
_bCultura,
_c1935.
300 _a125 páginas ;
_c19 cm.
505 _aContenido : Prologo -- La mujer moderna -- El amor y la moral nueva -- Las relaciones entre los sexos y la lucha social ...
650 _aSociedad
_953
650 _aMujer
_9143
650 _aSexualidad
_99609
942 _2ddc
_cLIBROS
945 _arah